|
|
แสดงรายละเอียดบรรณานุกรม |
|
|
Brief Record
: Get Marc (ISO 2709)
: E-mail record
: |
|
|
| LEADER 00000nam 2200000uu 4500 | |||
| 001 214216 | |||
| 003 ULIBM | |||
| 008 240819s||||||||th 000 0 tha d | |||
| 020 ^a978-974-03-4189-5 | |||
| 041 ^atha | |||
| 060 0 ^aWY163 ป546ก 2567 | |||
| 100 0 ^aปานดวงใจ ไทยดำรงค์เดช. | |||
| 245 00 ^aการพยาบาลผู้ป่วยที่มีความผิดปกติระบบหายใจ =^bNursing care for patients with respiratory disease/^cปานดวงใจ ไทยดำรงค์เดช. | |||
| 246 00 ^aNursing care for patients with respiratory disease | |||
| 250 ^aพิมพ์ครั้งที่ 2. | |||
| 260 ^aกรุงเทพฯ:^bสำนักพิมพ์จุฬาลงกรณ์มหาวิทยาลัย,^c2567. | |||
| 300 ^a129 หน้า:^bภาพประกอบ;^c26 ซม. | |||
| 650 4 ^aการพยาบาลอายุรศาสตร์ | |||
| 650 4 ^aระบบหายใจ--โรค--การพยาบาล | |||
| 650 4 ^aทางเดินหายใจ--โรค--การพยาบาล | |||
| 999 ^aใช้งานได้ทุกระบบ | |||
| คุณยังไม่ได้ล็อกอิน คุณสามารถมีกิจกรรมร่วมกับเว็บไซต์ได้ แต่ต้องล็อกอินก่อน :: |
|
| สถานะ | |||||||||
| 1. | การพยาบาล (ตำราหลัก) | WY163 ป546ก 2567 ฉ.1 | On Shelf ขอยืม | ||||||
| Note:จัดซื้อปีงบประมาณ 2567 | |||||||||
| 2. | การพยาบาล (ตำราหลัก) | WY163 ป546ก 2567 ฉ.2 | On Shelf ขอยืม | ||||||
| Note:จัดซื้อปีงบประมาณ 2567 | |||||||||
| 3. | การพยาบาล (ตำราหลัก) | WY163 ป546ก 2567 ฉ.3 | On Shelf ขอยืม | ||||||
| Note:จัดซื้อปีงบประมาณ 2567 | |||||||||
| 4. | การพยาบาล (ตำราหลัก) | WY163 ป546ก 2567 ฉ.4 | On Shelf ขอยืม | ||||||
| Note:จัดซื้อปีงบประมาณ 2567 | |||||||||
| 5. | การพยาบาล (ตำราหลัก) | WY163 ป546ก 2567 ฉ.5 | On Shelf ขอยืม | ||||||
| Note:จัดซื้อปีงบประมาณ 2567 | |||||||||
| [แสดง 5/5 รายการ] | |||||||||
| รายการใกล้เคียง หัวเรื่อง [การพยาบาลอายุรศาสตร์]
หัวเรื่อง [ทางเดินหายใจ--โรค--การพยาบาล] |
BibComment |
| คอมเมนท์ทรัพยากรรายการนี้ |
|
|